Strategic plan 2009-2015.
| Corporate Author: | |
|---|---|
| Format: | Book |
| Published: |
Putrajaya:
Ministry of Foreign Affairs,
2009.
|
| Subjects: |
| LEADER | 00476cam a2200157 7i4500 | ||
|---|---|---|---|
| 001 | 0000026194 | ||
| 005 | 20110426090000.0 | ||
| 090 | 0 | 0 | |a M 658.4012 |b MIN |
| 110 | 2 | 0 | |a Ministry of Foreign Affairs |
| 245 | 2 | 0 | |a Strategic plan 2009-2015. |
| 260 | 0 | 0 | |a Putrajaya: |b Ministry of Foreign Affairs, |c 2009. |
| 300 | # | # | |a 137 p. |
| 650 | 0 | 0 | |a Strategic planning -- |z Malaysia |
| 650 | 0 | 0 | |a Strategic plan 2009-2015 |
| 651 | 0 | 0 | |a Malaysia |
| 999 | |a 0000024127 |b Book |c Malaysia |e Business Information Centre | ||